<?xml version="1.0" encoding="UTF-8"?><?xml-stylesheet type="text/xsl" href="static/style.xsl"?><OAI-PMH xmlns="http://www.openarchives.org/OAI/2.0/" xmlns:xsi="http://www.w3.org/2001/XMLSchema-instance" xsi:schemaLocation="http://www.openarchives.org/OAI/2.0/ http://www.openarchives.org/OAI/2.0/OAI-PMH.xsd"><responseDate>2026-04-17T02:44:43Z</responseDate><request verb="GetRecord" identifier="oai:www.recercat.cat:2072/521647" metadataPrefix="marc">https://recercat.cat/oai/request</request><GetRecord><record><header><identifier>oai:recercat.cat:2072/521647</identifier><datestamp>2025-03-18T15:32:57Z</datestamp><setSpec>com_2072_220028</setSpec><setSpec>com_2072_4427</setSpec><setSpec>col_2072_479371</setSpec></header><metadata><record xmlns="http://www.loc.gov/MARC21/slim" xmlns:dcterms="http://purl.org/dc/terms/" xmlns:xsi="http://www.w3.org/2001/XMLSchema-instance" xmlns:doc="http://www.lyncode.com/xoai" xsi:schemaLocation="http://www.loc.gov/MARC21/slim http://www.loc.gov/standards/marcxml/schema/MARC21slim.xsd">
   <leader>00925njm 22002777a 4500</leader>
   <datafield ind2=" " ind1=" " tag="042">
      <subfield code="a">dc</subfield>
   </datafield>
   <datafield ind2=" " ind1=" " tag="720">
      <subfield code="a">Pozo Rodríguez, Salvador F.</subfield>
      <subfield code="e">author</subfield>
   </datafield>
   <datafield ind2=" " ind1=" " tag="720">
      <subfield code="a">Roig Pérez, Josep Francesc</subfield>
      <subfield code="e">author</subfield>
   </datafield>
   <datafield ind2=" " ind1=" " tag="260">
      <subfield code="c">2021</subfield>
   </datafield>
   <datafield ind2=" " ind1=" " tag="520">
      <subfield code="a">En este artículo se presenta y se da a conocer un conjunto de objetos de bronce romanos (ampullae, aryballoi y píxides) para contener aceites, ungüentos, polvos cosméticos o bálsamos hallados en los últimos años en la Península Ibérica (Hispania). La mayoría de estos recipientes de bronce del utillaje doméstico romano, unos ya conocidos y otros inéditos, fueron recuperados en contextos cronológicos de los primeros siglos del Imperio y en ambientes asociados al servicio de baño o aseo personal. A la vez estos recipientes nos evidencian la riqueza de formas, modas, modelos y decoraciones (manifestaciones de la romanización) a las que fueron sujetos mientras estuvieron en uso.</subfield>
   </datafield>
   <datafield ind2=" " ind1=" " tag="520">
      <subfield code="a">This article presents an assemblage of Roman bronze objects (ampullae, aryballoi and pyxides) serving to contain oils, unguents, cosmetic powders or balsams unearthed recently in the Iberian Peninsula (Hispania). Most of these bronze domestic vessels (both published and unpublished) were brought to light in contexts linked to bathing or personal hygiene from the first centuries of the Roman Empire. The vessels reveal a variety of forms, models and decors (manifestations of Romanisation).</subfield>
   </datafield>
   <datafield ind1="8" ind2=" " tag="024">
      <subfield code="a">1131-883X</subfield>
   </datafield>
   <datafield ind1="8" ind2=" " tag="024">
      <subfield code="a">2385-4723</subfield>
   </datafield>
   <datafield ind1="8" ind2=" " tag="024">
      <subfield code="a">http://hdl.handle.net/2072/521647</subfield>
   </datafield>
   <datafield ind1="8" ind2=" " tag="024">
      <subfield code="a">https://doi.org/10.21001/rap.2021.31.1</subfield>
   </datafield>
   <datafield ind2="0" ind1="0" tag="245">
      <subfield code="a">Balsamarios, aryballoi y píxides en bronce de época romana procedentes de Hispania</subfield>
   </datafield>
</record></metadata></record></GetRecord></OAI-PMH>